Hallo in 15 Sprachen - Statistiken

Allgemein
  • Dieses Quiz wurde 2.084 mal gespielt
  • Das Durchschnittsergebnis liegt bei 12 aus 15
Antwortstatistiken
Hinweis Sprache % Korrekt
Hallo Deutsch
100%
Hello Englisch
100%
Bonjour Französisch
99%
Hola Spanisch
99%
Ciao Italienisch
97%
你好 Chinesisch
91%
Привет Russisch
91%
مرحبًا Arabisch
87%
Olá Portugiesisch
77%
こんにちは Japanisch
73%
Merhaba Türkisch
70%
Γεια σας Griechisch
60%
Xin chào Vietnamesisch
44%
नमस्कार Hindi
42%
سلام Persisch
34%
Keine übereinstimmenden Quizze gefunden
Verteilung der Resultate
Anzahl Personen mit jedem Resultat
Perzentil nach korrekt beantworteten Fragen
Ihre Resultats-Entwicklung
Sie haben dieses Quiz noch nicht gespielt